000 01030nam a2200205Ia 4500
003 OSt
005 20241121111250.0
007 ca aa aaaaa
008 201103s9999 xx 000 0 und d
040 _cSSBUL
041 _abur
082 _223
_a၂၉၄.၃၈၂၃ နန်
_b၉၁၇၀ S-SAT
100 0 _aနန္ဒမာလာဘိဝံသ၊ အရှင်၊ ဒေါက်တာ-
245 1 0 _aမဟာသတိပဋ္ဌာနသုတ်အနှစ်ချုပ် /
_cဒေါက်တာအရှင်နန္ဒမာလာဘိဝံသ။
260 _aရန်ကုန် ၊
_bအပြည်ပြည်ဆိုင်ရာထေရဝါဒဗုဒ္ဓသာသနာပြုတက္ကသိုလ် ၊
_c၂၀၁၁။
300 _a၁၈၅ စာမျက်နှာ ၊
_c၁၉ စင်တီ။
500 _aS-SAT: Dr. Sai Aung Tun Collection S-SL: U San Lwin Collection
650 _aမဟာသတိပဋ္ဌာနသုတ်
_923344
942 _2ddc
_cBK1
999 _c18240
_d18240